00501 a2200169 450000100060000002000180000604000240002410000190004824000490006724500440011630000070016036200090016765000260017694200070020295201050020999900170031447777 a9788578412210 cAnchieta - Aquarius aSimizo, Massau10aAs quatro estações e outros haicaislpor10aAs quatro estações e outros haicais a640 a2009 4aLiteratura brasileira cBK 00104070a87.1b87.1d2023-11-21l0o869.93 SIM QUAp6781/AQUr2023-11-21 15:14:42w2023-11-21yBK c47777d47777